Statistics for Do YoU kNoW tHe LyRiCs tO... "Mamma Mia" - by ABBA

Click here to take the quiz!

General Stats

  • This quiz has been taken 2,585 times
  • The average score is 28 of 38

Answer Stats

Missing Lyrics% Correct
So I've made up mymind,it must come to an end
98%
Mamma miahereI go again
93%
Just onelookand I can hear a bell ring
88%
There's afirewithin my soul
87%
My my, how can Iresistyou?
87%
One morelookand I forget everything, w-o-o-o-oh
86%
I've beencheatedby you since I don't knpw when
84%
My my, I couldneverlet you go.
83%
Mamma mia,hereI go again
81%
Look at me nowm will I everlearn?
79%
Why, why did Ieverlet you go?
79%
Blue since thedaywe parted
79%
My my, just how much I'vemissedyou
79%
I can't count all thetimesthat I've told you we're through
79%
Just onelookand I can hear a bell ring
78%
Mamma mia, does itshowagain?
77%
My my, how can Iresistyou?
77%
One morelookand I forget everything, w-o-o-o-oh
77%
I don't know how but Isuddenlylose control
77%
Yes, I've beenbrokenhearted
75%
Blue since thedaywe parted
74%
Mamma mia,nowI really know,
74%
Mamma mia,hereI go again
73%
Why, why did Ieverlet you go
73%
My my, just how much I'vemissedyou
73%
My my, I couldneverlet you go
72%
My my, how can Iresistyou?
71%
Mamma mia, does itshowagain?
71%
Yes, I've beenbrokenhearted
69%
Mamma mia, it's agamewe play
69%
Mamma mia,nowI really know
65%
You know that I'm not thatstrong
63%
I've beenangryand sad about things that you do
62%
And when you go, when youslamthe door
62%
Bye bye doesn't meanforever
61%
I think you know that you won't beawaytoo long
61%
Bye bye,leaveme now or never
49%
Mamma mia,evenif I say
39%

Score Distribution

Percentile by Number Answered

Percent of People with Each Score

Your Score History

You have not taken this quiz